Architect's pocket book (Record no. 112583)

MARC details
000 -LEADER
fixed length control field 01303cam a22002895a 4500
001 - CONTROL NUMBER
control field L153542
008 - FIXED-LENGTH DATA ELEMENTS--GENERAL INFORMATION
fixed length control field 080905s2011 xxkae f hu 001 0 eng d
020 ## - INTERNATIONAL STANDARD BOOK NUMBER
International Standard Book Number 9780080969916
035 ## - SYSTEM CONTROL NUMBER
System control number (Sirsi) u153542
041 0# - LANGUAGE CODE
Language code of text/sound track or separate title eng
100 1# - MAIN ENTRY--PERSONAL NAME
Personal name Baden-Powell, Charlotte
245 00 - TITLE STATEMENT
Title Architect's pocket book
Medium [electronic resource]
250 ## - EDITION STATEMENT
Edition statement 4th ed.
260 ## - PUBLICATION, DISTRIBUTION, ETC.
Place of publication, distribution, etc. Oxford
Name of publisher, distributor, etc. Architectural Press $2 011
505 2# - FORMATTED CONTENTS NOTE
Formatted contents note General information -- Planning -- Structures -- Services -- Building elements -- Materials -- Addresses/Sources -- Bibliography -- Index
520 ## - SUMMARY, ETC.
Summary, etc. This eBook contains information often needed on a daily basis, which comes from a variety of sources not always readily available. Contains updates to costs, law, insulation and computer aided design for architects. Content includes data about planning, structure, services, building elements, materials and directories with mail and web site addresses.
520 ## - SUMMARY, ETC.
Summary, etc. Supersedes 3rd ed.
590 ## - LOCAL NOTE (RLIN)
Local note KA
650 24 - SUBJECT ADDED ENTRY--TOPICAL TERM
Topical term or geographic name entry element EBOOK
651 #4 - SUBJECT ADDED ENTRY--GEOGRAPHIC NAME
Geographic name United Kingdom
Chronological subdivision
690 ## - LOCAL SUBJECT ADDED ENTRY--TOPICAL TERM (OCLC, RLIN)
Topical term or geographic name as entry element BUILT ENVIRONMENT-CONSTRUCTION DESIGN-ARCHITECTURAL DESIGN
700 1# - ADDED ENTRY--PERSONAL NAME
Personal name Hetreed, Jonathan
700 1# - ADDED ENTRY--PERSONAL NAME
Personal name Ross, Ann
856 48 - ELECTRONIC LOCATION AND ACCESS
Uniform Resource Identifier <a href="https://www.vlebooks.com/">https://www.vlebooks.com/</a>
Public note View on VLEbooks. Logins for members only from [email protected]
942 ## - ADDED ENTRY ELEMENTS (KOHA)
Suppress in OPAC 0
Holdings
Withdrawn status Lost status Source of classification or shelving scheme Damaged status Not for loan Home library Current library Shelving location Date acquired Cost, normal purchase price Total Checkouts Full call number Barcode Date last seen Copy number Cost, replacement price Price effective from Koha item type
    Dewey Decimal Classification     Virtual Virtual Online 16/08/2011 28.30   EBOOK 153542-2001 06/08/2019 1 28.30 06/08/2019 Book